000 01038nas a2200337 4500
001 BR0800752
003 BR-BrBNA
005 20231205111543.0
007 ta
008 230509b bl.|||p| |||| 00| 00por d
040 _aBR-BrBNA
_bpor
_cBiblioteca Nacional de Agricultura
041 _a(Pt)
072 _aF50; F60; Q04
100 1 _aJorge, L.I.F.
100 1 _aInomata, E.I.
100 1 _aMaio, F.D. de
100 1 _aTiclea, P.
245 1 _aCaracterísticas de duas hortaliças do Brasil: Chaguinha (Tropaeolum majus L.)e Vinagreira (Hibiscus Sabdariffa L.)
650 _aESTRUTURA VEGETAL
650 _aANÁLISE QUÍMICA
650 _aHORTALIÇA
650 _aROSELA
650 _aTROPAEOLACEAE
650 _aANATOMIA
650 _aFOLHA
650 _aVITAMINA
650 _aMINERAL
773 0 _tBoletim da Sociedade Brasileira de Ciência e Tecnologia de Alimentos (Brazil)
_xISSN 0101-3637
_g(Jul-Dec 1994), v. 28(2) p. 86-96
_wBR0800752
909 _a202311
_bLúcia
_c55
_dLúcia Elande
942 _2AGRIS
_n0
_cANA
999 _c193286
_d193286